Textbook of Community Health Nursing (Record no. 1828)

MARC details
000 -LEADER
Fixed length control field 00524nam a2200193Ia 4500
003 - CONTROL NUMBER IDENTIFIER
Control field IIN
005 - DATE AND TIME OF LATEST TRANSACTION
Control field 20250521115706.0
008 - FIXED-LENGTH DATA ELEMENTS--GENERAL INFORMATION
Fixed length control field 250521s2023 xx adc 001 0 eng d
020 ## - INTERNATIONAL STANDARD BOOK NUMBER / ISBN
Price Rs.650.00
International Standard Book Number 9789392242106
040 ## - CATALOGING SOURCE
Original cataloging agency IIN
Language of cataloging English
082 ## - DEWEY DECIMAL CLASSIFICATION NUMBER
Classification number 610.7343
Book Number KUM
100 1# - MAIN ENTRY--PERSONAL NAME
Personal name Eenu
245 #2 - TITLE STATEMENT
Title Textbook of Community Health Nursing
Sub title for GNM Nursing Students/
Statement of responsibility Eenu
260 ## - IMPRINT
Place of publication Punjab
Name of publisher Vision
Date of publication 2023
300 ## - PHYSICAL DESCRIPTION
Page / Vol. No viii, 536 p.
Other physical details ill.
500 ## - GENERAL NOTE
General note Includes Index
650 1# - SUBJECT ADDED ENTRY--TOPICAL TERM
Topical term Community Health Nursing
942 ## - ADDED ENTRY ELEMENTS (KOHA)
Koha item type Books
Holdings
Withdrawn status Lost status Source of classification Damaged status Not for loan Collection code Home library Current library Shelving location Date acquired Price Total Checkouts Call number Accession number Date last seen Date checked out Copy number Price effective from Koha item type
    Dewey Decimal Classification     Purches Book IDEAL INSTITUTE OF NURSING IDEAL INSTITUTE OF NURSING General Stacks 11/03/2025 650.00 1 610.7343 KUM 2046 10/12/2025 14/11/2025 1 21/05/2025 Books
    Dewey Decimal Classification     Purches Book IDEAL INSTITUTE OF NURSING IDEAL INSTITUTE OF NURSING General Stacks 11/03/2025 650.00   610.7343 KUM 2047 21/05/2025   2 21/05/2025 Books
    Dewey Decimal Classification     Purches Book IDEAL INSTITUTE OF NURSING IDEAL INSTITUTE OF NURSING General Stacks 11/03/2025 650.00   610.7343 KUM 2055 21/05/2025   3 21/05/2025 Books
© Ideal Institute Of Nursing, All rights reserved.         Powered by Koha